Statistics for Countries with the Most Koreans

Click here to take the quiz!

General Stats

  • This quiz has been taken 104 times
  • The average score is 13 of 16

Answer Stats

# Country % Correct
2,585,993China
98%
2,238,989United States
98%
40,263United Kingdom
97%
855,725Japan
96%
50,423,955South Korea
93%
25,300,000North Korea
93%
224,054Canada
91%
166,956Russia
87%
153,653Australia
87%
39,047Germany
87%
108,850Vietnam
84%
40,741Indonesia
74%
89,037Philippines
73%
50,418Brazil
69%
107,613Kazakhstan
33%
186,186Uzbekistan
22%

Score Distribution

Percentile by Number Answered

Percent of People with Each Score

Your Score History

You have not taken this quiz